书目信息 |
| 题名: |
东方红-54(75)拖拉机修理工艺
|
|
| 作者: | ;中国农业机械化科学研究院 编著 | |
| 分册: | 第二册 底盘 | |
| 出版信息: | 北京 中国工业出版社 1969 |
|
| 页数: | 265页 | |
| 开本: | 22cm | |
| 丛书名: | ||
| 单 册: | ||
| 中图分类: | S238 | |
| 科图分类: | ||
| 主题词: | 农业机械化 | |
| 电子资源: | ||
| ISBN: | ||
| 000 | 00686nam0 2200193 450 | |
| 001 | 0653752787 | |
| 005 | 20060517145802.26 | |
| 010 | @dCNY1.80 | |
| 100 | @a20060517d1969 km y0chiy0120 ea | |
| 101 | 0 | @achi |
| 200 | 1 | @a东方红-54(75)拖拉机修理工艺@Adong fang hong-54(75)tuo la ji xiu li gong yi@h第二册@i底盘@f中国农业机械化科学研究院编著@Fzhong guo nong ye ji xie hua ke xue yan jiu yuan bian zhu |
| 210 | @a北京@c中国工业出版社@d1969 | |
| 215 | 1 | @a265页@d22cm |
| 517 | 1 | @a底盘@Adi pan |
| 606 | 0 | @a农业机械化 |
| 690 | @aS238@v4 | |
| 711 | 0 | @a中国农业机械化科学研究院@Azhong guo nong ye ji xie hua ke xue yan jiu yuan@4编著 |
| 801 | 0 | @aCN@bPFT@c20060517 |
| 905 | @a10447@dS238@e13:2 | |
| 东方红-54(75)拖拉机修理工艺.第二册.底盘/中国农业机械化科学研究院编著.-北京:中国工业出版社,1969 |
| 265页;22cm |
| ISBN :CNY1.80 |
| ● |
| 相关链接 |
|
|
|
|
正题名:东方红-54(75)拖拉机修理工艺
索取号:S238/13:2
 
预约/预借
| 序号 | 登录号 | 条形码 | 馆藏地/架位号 | 状态 | 备注 |
| 1 | 0018161 | 202347638 | 密集书库/ [索取号:S238/13:2] | 在馆 |